000 00449nam a2200157Ia 4500
003 GCL
008 140319s9999 xx 000 0 eng d
040 _aGCL /
_cGCL
082 0 4 _a155.916
_bL L
100 1 _aLEARNER, JANET
245 1 0 _aLEARNING DISABILITIES: THEORIES DIAGNOSIS AND TEACHING STRATEGIES /
_cLEARNER, JANET
260 _a[S.N] :
_bHOUGHTON MIFFLIN COMPANY ،
_c1993
300 _a648 P
650 0 4 _aDISABILITIES
942 _2ddc
_cBK
999 _c10442
_d10442